Visualizzazione normale
Vista MARC
- Dommarco
di Personal Name
Records bibliografici associati: 1
001 - CONTROL NUMBER
- control field: 7931
003 - CONTROL NUMBER IDENTIFIER
- control field: IT-RoPau
005 - DATE AND TIME OF LATEST TRANSACTION
- control field: 20140107095754.0
008 - FIXED-LENGTH DATA ELEMENTS
- fixed length control field: 140107|| aca||aabn | a|a d
040 ## - CATALOGING SOURCE
- Original cataloging agency: IT-RoPau
- Transcribing agency: IT-RoPau
100 ## - HEADING--PERSONAL NAME
- Personal name: Dommarco
- Dates associated with a name: Codice autore testo/musica SPICS: 14229
- Relator term: Autore testo/musica
- Name of part/section of a work: Vola, vola, vola
670 ## - SOURCE DATA FOUND
- Source citation: Work cat.: (IT-RoPau)103649: AA.VV. 794, Italia mia il nostro folklore regione per regione (Lp St 72018)